Russian Cities By Picture - Statistics

General Stats
  • This quiz has been taken 34 times
  • The average score is 10 of 16
Answer Stats
Picture Answer % Correct
Moscow
100%
St. Petersburg
85%
Kazan
81%
Nizhny Novgorod
70%
Novosibirsk
70%
Volgograd
70%
Perm
67%
Vladivostok
67%
Yekaterinburg
67%
Chelyabinsk
63%
Rostov-on-Don
63%
Irkutsk
48%
Krasnoyarsk
48%
Saratov
48%
Voronezh
44%
Khabarovsk
19%
No matching quizzes found
Score Distribution
Percent of People with Each Score
Percentile by Number Answered
Your Score History
You have not taken this quiz